Регионална библиотека "Любен Каравелов" - Русе

Идеи за рисуване (Запис номер 101412)

MARC детайли
000 -Лидер
Контролно поле с фиксирана дължина 01224nam a2200349 c 4500
003 - Код на организацията, давaща контролен номер
Контролно поле BLK
005 - Дата и час на последна редакция
Контролно поле 20241127163525.0
008 - Елементи от данни с фиксирана дължина
fixed length control field 180409b bul|||||r ||||||| ||bul||
010 ## - Наследен системен номер
LC control number KNG00106457000
020 ## - Международен стандартен номер на книга ISBN
Международен стандартен номер на книга ISBN 954-625-285-9
-- издат.: Фют
040 ## - Източник на каталожния запис
Идентификатор на билиотеката - собственик на записа BLK
041 ## - Код за език
Код за езика на текст/звукозапис или на отделно заглавие Български
Код за езика КДБФ Български
080 ## - УДК
Текстов определител УДК Изобразително изкуство в основното училище
УДК код - определител по УДК 372.875
УДК определител (075.2)
УДК - код + определител 372.875(075.2)
100 1# - Редна дума - Автор
Автор Уат, Фиона
Авторска отговорност първи автор
R(LIN) 374139
139 ## - Редно поле
Редна дума Уат, Фиона
Авторски знак Уат - У 16
245 10 - Сведения за заглавието
Заглавие Идеи за рисуване
Редно поле (дума) Фиона Уат; прев. Юлия Кенова; ред. Илияна Владимирова.
257 ## - Страна на издаване
Страна на създаване/издаване Великобритания
260 ## - Област на издателските данни
-- София
Име на издателя, разпространителя и проч. Фют
Година на издаване 2003
300 ## - Физическа характеристика
Страници 96 с.
Илюстрации и др. с ил.
Размери/Мащаб 30 см
380 ## - Жанр
Жанр Детска отраслова лит.
650 #4 - Допълнително описание по предмет – тема
Основно описание – тема или топоним Рисунка - техника
9 (RLIN) 266466
653 ## - Ключова дума – ненормативна
Ключова дума рисуване
653 ## - Ключова дума – ненормативна
Ключова дума учебни помагала
700 1# - Други автори (авторска отговорност)
Лично име Кенова, Юлия
Автороска отговорност (Описва отношението между автора и произведението) прев.
9 (RLIN) 78232
700 1# - Други автори (авторска отговорност)
Лично име Владимирова, Илияна
Автороска отговорност (Описва отношението между автора и произведението) ред.
9 (RLIN) 374763
852 ## - Местоположение
Форматна сигнатура Цб ІІ 12029
856 4# - Електронен адрес и достъп
Електронен формат pdf - файл
Път до файла /url/
856 4# - Електронен адрес и достъп
Електронен формат pdf - файл
Път до файла /url/
942 ## - АРТИКУЛИ
Вид на библиотечния материал Книги
Скрит в OPAC Не
Koha issues (borrowed), all copies 1
944 ## - СЪЗДАВАНЕ И РЕДАКЦИЯ на ЗАПИСА
Създаване/Редакция Създаване
Дата на регистрацията/редакция 01.01.2003
Служител, извършил регистрацията/редакцията 30551
Статус, дата на статуса Бояна Костадинова
944 ## - СЪЗДАВАНЕ И РЕДАКЦИЯ на ЗАПИСА
Създаване/Редакция Редакция
Дата на регистрацията/редакция 12.06.2003
Служител, извършил регистрацията/редакцията
999 ## - СИСТЕМНИ КОНТРОЛНИ НОМЕРА
Koha biblionumber 101412
Koha biblioitemnumber 101412
Наличности
Код за отписване Код за изгубен артикул Източник на класификационната схема Код за повреда Коз за рестрикции Код за отдаване Артикулен № Име на библиотеката - собственик Име на библиотеката, в която се намира в момента Статус (Текущо местоположение) Дата на вписване в системата Местоположение - отдел Цена в лева Инвентарен номер Систематично азбучна сигнатура Баркод Номер на екземпляра Цена в евро Служебна бележка Служебен тип на артикула
  Не е изгубен Universal Decimal Classification Не е повреден без рестрикции заемане за дома 163317 Регионална библиотека "Любен Каравелов" Русе Регионална библиотека "Любен Каравелов" Русе Детски отдел 2003-06-06 Детски отдел 11.90 120000676584 ДН 373.3.016/У 16 120000676584 1 6.08 Дост: Pk Вид: Ф N: 15455 Дата: 03.06.2003 Дата инв: 21.08.2015 Бележки инв: Д2015 Книги
Vip Innovations Ltd, Rousse, Bulgaria 2025